| 000 | 01153cab a2200289 4500 | ||
|---|---|---|---|
| 001 | ABS51570 | ||
| 008 | 090401t1994 xxu||||| |||| 00| 0 eng d | ||
| 035 | _a(Sirsi) u33747 | ||
| 041 | _aeng | ||
| 245 | _aFocus `94: information technology | ||
| 260 | _c1994 | ||
| 350 | _a0 | ||
| 490 |
_aEstates Gazette _v(9441) 15 October 1994, 125-141(9) |
||
| 520 | _aA special report on developments in information technology as they impinge on the property industry. Reviews software exhibited at the Property Computer Show; suggests ways in which technology is affecting work patterns and office requirements; discusses data transfer; and forecasts opportunities for property professionals in the information superhighway. | ||
| 650 | _aCOMMERCIAL PROPERTY SYSTEMS | ||
| 650 | _aHOT DESKING | ||
| 650 | _aINFORMATION SYSTEMS | ||
| 650 | _aINTERNET | ||
| 650 | _aPROPERTY COMPUTER SHOW 94 | ||
| 650 | _aPROPERTY MANAGEMENT SOFTWARE | ||
| 650 | _aRESIDENTIAL PROPERTY SYSTEMS | ||
| 650 | _aSOFTWARE PACKAGES | ||
| 650 | _aTELEWORKING | ||
| 690 | _aMANAGEMENT-BUSINESS MANAGEMENT-INFORMATION MANAGEMENT | ||
| 942 | _n0 | ||
| 948 | _c04/03/1997 | ||
| 999 |
_c22486 _d22486 |
||